00501nam a2200193 a 4500001001300000003000900013005001700022008004100039020001000080082001500090100002300105245002400128260003200152300000900184500003500193505003100228650002500259700002300284nice12345678IN_TiNIC20260116011535.0050524s1937 lona grp 000 0 per  ac10000a297.5bASF aAsfandyari, Hassan aAkhlaq-I-Mohtashami aLondon bNo Publisherc1937 a156p aincludes index and biblioraphy2 a4 Volume Bound in One Book aIslam-Moral Theology1 aAsfandyari, Hassan